[Event "OLNN 1819 SK Marmstorf - Preetzer TSV"]
[Site "?"]
[Date "2018.11.11"]
[Round "2.8"]
[White "Anderberg, Peter"]
[Black "Schuette, Andreas"]
[Result "1/2-1/2"]
[WhiteElo "2013"]
[BlackElo "2143"]
[PlyCount "94"]
[EventDate "2018.??.??"]

1. d4 d5 2. c4 e6 3. Nc3 c5 4. cxd5 exd5 5. Nf3 Nc6 6. g3 Nf6 7. Bg2 Be7 8. O-O
O-O 9. dxc5 Bxc5 10. Bg5 d4 11. Ne4 Be7 12. Nxf6+ Bxf6 13. Bxf6 Qxf6 14. b4
Nxb4 15. Qxd4 Qe7 16. Rab1 Nc6 17. Qb2 Rb8 18. Rbd1 Be6 19. Nd4 Nxd4 20. Rxd4
Rbd8 21. Rb4 b6 22. a4 Rc8 23. a5 bxa5 24. Ra4 Rc5 25. Rfa1 Qc7 26. Qa3 Rb8 27.
Qe3 Rb4 28. R4a3 Rbc4 29. h4 h5 30. Qd2 Rc2 31. Qd4 Rc1+ 32. Rxc1 Rxc1+ 33. Kh2
Rc4 34. Qd2 Rxh4+ 35. Kg1 Rb4 36. Rd3 Rb1+ 37. Kh2 Rb8 38. Qg5 Qb6 39. e3 g6
40. Be4 Qb2 41. Kg2 Kg7 42. Qxa5 Qf6 43. Qxa7 Rb2 44. Bf3 Bg4 45. e4 Qb6 46.
Qxb6 Bxf3+ 47. Kxf3 Rxb6 1/2-1/2

[Event "OLNN 1819 Hamburger SK III - SK Johanne"]
[Site "?"]
[Date "2018.11.11"]
[Round "2.1"]
[White "Zart, Ruediger"]
[Black "Gaede, Derek"]
[Result "0-1"]
[WhiteElo "2162"]
[BlackElo "2299"]
[PlyCount "82"]
[EventDate "2018.??.??"]

1. e4 e6 2. d4 d5 3. Nd2 c5 4. exd5 Qxd5 5. Ngf3 cxd4 6. Bc4 Qd8 7. O-O Nc6 8.
Nb3 a6 9. Nbxd4 Nxd4 10. Nxd4 Qc7 11. Qe2 Bd6 12. h3 Ne7 13. a4 O-O 14. a5 Ng6
15. c3 Nf4 16. Bxf4 Bxf4 17. Bd3 Bd7 18. Rfe1 Rfd8 19. Be4 g6 20. g3 Bh6 21.
Qf3 Rab8 22. b4 Bd2 23. Rec1 Bxc1 24. Rxc1 Ba4 25. Qf6 Rd7 26. h4 Qd8 27. Qe5
Rc8 28. Ra1 Bc6 29. Nxc6 bxc6 30. Bf3 Rd2 31. h5 Qd6 32. Qg5 Qd8 33. Qe5 Qf8
34. Qe3 Qd6 35. Be2 c5 36. h6 cxb4 37. cxb4 Rcc2 38. Bxa6 Rxf2 39. Bb7 Rfe2 40.
Qf4 e5 41. Qh4 Qd2 0-1

[Event "OLNN 1819 Hamburger SK III - SK Johanne"]
[Site "?"]
[Date "2018.11.11"]
[Round "2.2"]
[White "Pajeken, Jakob Leon"]
[Black "Schroeder, Christoph"]
[Result "1-0"]
[WhiteElo "2314"]
[BlackElo "2174"]
[PlyCount "79"]
[EventDate "2018.??.??"]

1. d4 e6 2. Bf4 c5 3. e3 d5 4. Nf3 Nf6 5. c3 Bd6 6. Bg3 Nc6 7. Nbd2 O-O 8. Bd3
b6 9. Qe2 Bb7 10. Rd1 Re8 11. e4 Be7 12. e5 Nh5 13. h4 g6 14. Bh2 cxd4 15. g4
dxc3 16. bxc3 Ng7 17. h5 gxh5 18. gxh5 Nf5 19. Nf1 Kh8 20. Ne3 Nxe3 21. Qxe3
Rg8 22. Bg3 Rxg3 23. fxg3 Qg8 24. Qf4 d4 25. Be4 Na5 26. Bxb7 Nxb7 27. cxd4 Rc8
28. O-O Na5 29. Rf2 Nc4 30. Kh2 Rd8 31. Kh3 Rd7 32. g4 b5 33. d5 Nb6 34. d6 Bd8
35. Rd3 Nd5 36. Rxd5 exd5 37. e6 fxe6 38. Qe5+ Qg7 39. h6 Qf6 40. g5 1-0

[Event "OLNN 1819 Hamburger SK III - SK Johanne"]
[Site "?"]
[Date "2018.11.11"]
[Round "2.3"]
[White "Behrhorst, Frank"]
[Black "Bracker, Arne"]
[Result "0-1"]
[WhiteElo "2265"]
[BlackElo "2159"]
[PlyCount "102"]
[EventDate "2018.??.??"]

1. d4 Nf6 2. c4 g6 3. f3 Bg7 4. e4 d6 5. Nc3 O-O 6. Be3 c5 7. d5 e6 8. Qd2 exd5
9. cxd5 Re8 10. Nge2 Qa5 11. a4 a6 12. Ra3 Nbd7 13. Nc1 Ne5 14. Be2 h5 15. O-O
Nh7 16. Kh1 f5 17. h3 Qb4 18. Rb3 Nc4 19. Qd3 Nxe3 20. Rxb4 Nxf1 21. Rb6 Ng3+
22. Kh2 Be5 23. Kg1 Nf6 24. exf5 Bxf5 25. Qd2 Bd4+ 26. Kh2 Rxe2 27. Qxe2 Nxe2
28. N1xe2 Be5+ 29. f4 Bxc3 30. Nxc3 Ne4 31. Nxe4 Bxe4 32. Rxd6 b5 33. a5 h4 34.
g3 hxg3+ 35. Kxg3 c4 36. Kf2 Bf5 37. Ke3 Re8+ 38. Kd4 Re2 39. Rxa6 Rxb2 40. Rc6
Kf7 41. a6 Rd2+ 42. Ke5 Re2+ 43. Kd6 Ra2 44. Kc7 b4 45. Rxc4 b3 46. Rb4 b2 47.
Kb8 b1=Q 48. Rxb1 Bxb1 49. a7 Be4 50. a8=Q Rxa8+ 51. Kxa8 Kf6 0-1

[Event "OLNN 1819 Hamburger SK III - SK Johanne"]
[Site "?"]
[Date "2018.11.11"]
[Round "2.4"]
[White "Woelk, Tom-Frederic"]
[Black "von Gleich, Alexander"]
[Result "1/2-1/2"]
[WhiteElo "2287"]
[BlackElo "2318"]
[PlyCount "121"]
[EventDate "2018.??.??"]

1. e4 d6 2. d4 Nf6 3. Nc3 e5 4. Nge2 Be7 5. g3 Bg4 6. Bg2 exd4 7. Qxd4 Nc6 8.
Qe3 O-O 9. h3 Bd7 10. g4 Re8 11. g5 Nh5 12. f4 d5 13. Nxd5 Nb4 14. Nxb4 Bxb4+
15. c3 Ba5 16. O-O Bb5 17. Kh2 Bb6 18. Qf3 g6 19. Be3 Qd3 20. Bxb6 Qxe2 21.
Bxc7 Qxb2 22. Rab1 Qe2 23. Qxe2 Bxe2 24. Rfe1 Ba6 25. Be5 Rad8 26. Rbd1 Bc4 27.
a3 b5 28. Rd4 Bb3 29. Bf1 a6 30. Kg2 h6 31. h4 hxg5 32. hxg5 Rc8 33. Rb4 Ba4
34. Re3 Rcd8 35. Rd3 Rxd3 36. Bxd3 Rxe5 37. fxe5 Nf4+ 38. Kg3 Nxd3 39. Rd4 Nxe5
40. Rd8+ Kg7 41. Ra8 Nc4 42. Rxa6 Nxa3 43. Ra7 Nb1 44. c4 Nd2 45. cxb5 Bxb5 46.
Kf4 Bc4 47. Rd7 Nb3 48. Rc7 Be6 49. Rc3 Nd4 50. Ke5 Ne2 51. Ra3 Ng1 52. Rg3 Nh3
53. Kd6 Nf2 54. Re3 Kf8 55. Re2 Nh3 56. Rg2 Ke8 57. Rg3 Kd8 58. Rg2 Ke8 59. Rg3
Nf2 60. Re3 Kd8 61. Re2 1/2-1/2

[Event "OLNN 1819 Hamburger SK III - SK Johanne"]
[Site "?"]
[Date "2018.11.11"]
[Round "2.5"]
[White "Keyser, Robin"]
[Black "Bente, Bjoern"]
[Result "0-1"]
[WhiteElo "2040"]
[BlackElo "2225"]
[PlyCount "94"]
[EventDate "2018.??.??"]

1. d4 e6 2. c4 Nf6 3. g3 d5 4. Nf3 Bb4+ 5. Bd2 Bd6 6. Bg2 O-O 7. O-O c6 8. Qc2
Ne4 9. Bf4 Bxf4 10. gxf4 Nd7 11. e3 Ndf6 12. Nc3 Bd7 13. Ne5 Nxc3 14. Qxc3 Qe7
15. b4 dxc4 16. Qxc4 Rfd8 17. Rab1 Nd5 18. Rb2 Be8 19. Qc5 Kf8 20. Qc2 f6 21.
Nc4 Bg6 22. Be4 Kf7 23. Kh1 Nb6 24. Bxg6+ hxg6 25. Nd2 Rh8 26. Rg1 Rh6 27. Nf3
Rah8 28. Rg2 Qd6 29. Qc5 Qd7 30. Rb1 Rh5 31. Qc2 R8h6 32. e4 Qd6 33. Qc1 Nd7
34. Rb3 Rb5 35. Qd2 Nb6 36. Kg1 Rhh5 37. e5 Qe7 38. Ne1 Nd5 39. Nd3 a5 40. a4
Rb6 41. b5 cxb5 42. axb5 a4 43. Rb1 Qa3 44. Nc5 Rxb5 45. Qc2 Rxb1+ 46. Qxb1
Nxf4 47. exf6 Qf3 0-1

[Event "OLNN 1819 Hamburger SK III - SK Johanne"]
[Site "?"]
[Date "2018.11.11"]
[Round "2.6"]
[White "Hinrichs, Lars"]
[Black "Schueler, Hendrik"]
[Result "1-0"]
[WhiteElo "2230"]
[BlackElo "2133"]
[PlyCount "61"]
[EventDate "2018.??.??"]

1. e4 e6 2. d4 d5 3. Bd3 dxe4 4. Bxe4 Nf6 5. Bf3 c5 6. Ne2 cxd4 7. Qxd4 Bd7 8.
Bxb7 Nc6 9. Bxc6 Bxc6 10. O-O Qc7 11. Nbc3 Bd6 12. Qh4 Rb8 13. Nd4 Rb4 14. Nce2
O-O 15. c3 Ra4 16. Bg5 Ne4 17. b3 Ra5 18. Bd8 Rxd8 19. Nxc6 Bxh2+ 20. Kh1 Rd2
21. Nxa5 Rxe2 22. Qxh2 e5 23. Nc4 Rxf2 24. Rxf2 Nxf2+ 25. Kg1 Ng4 26. Qg3 Qc5+
27. Kh1 Nf2+ 28. Kh2 h5 29. Nxe5 h4 30. Qf4 f6 31. Qc4+ 1-0

[Event "OLNN 1819 Hamburger SK III - SK Johanne"]
[Site "?"]
[Date "2018.11.11"]
[Round "2.7"]
[White "Kussin, Bernd"]
[Black "Bach, Matthias"]
[Result "0-1"]
[WhiteElo "2108"]
[BlackElo "2289"]
[PlyCount "130"]
[EventDate "2018.??.??"]

1. d4 Nf6 2. Nf3 c5 3. d5 d6 4. Nc3 g6 5. e4 Bg7 6. Be2 O-O 7. O-O Bg4 8. Nd2
Bxe2 9. Qxe2 a6 10. a4 Nbd7 11. Nc4 Rb8 12. a5 Ne8 13. Bf4 Ne5 14. Bxe5 Bxe5
15. f4 Bd4+ 16. Kh1 e6 17. Na4 exd5 18. exd5 Ng7 19. c3 Bf6 20. Rae1 h5 21.
Nab6 Nf5 22. Qf2 Kg7 23. Ne3 Nh6 24. Qf3 Qc7 25. Nbc4 Rbe8 26. Re2 Re7 27. Rfe1
Rfe8 28. g3 Qd7 29. Kg2 Ng4 30. h3 Nxe3+ 31. Rxe3 Rxe3 32. Rxe3 Rxe3 33. Qxe3
Qf5 34. Nxd6 Qxd5+ 35. Ne4 Bd8 36. Kf2 Bxa5 37. Qxc5 Qxe4 38. Qxa5 Qc2+ 39. Kf1
Qb1+ 40. Kf2 Qxb2+ 41. Kg1 Qb1+ 42. Kg2 Qe4+ 43. Kh2 h4 44. gxh4 Qxf4+ 45. Kg2
Qxh4 46. Qc7 Qe4+ 47. Kg3 b5 48. Qa5 Qe6 49. Qb4 Qe3+ 50. Kg2 Qb6 51. Qb2 Kh7
52. Qb3 Qb7+ 53. Kg3 a5 54. Kf2 Kg8 55. c4 Qa7+ 56. Kg2 bxc4 57. Qxc4 Qa8+ 58.
Kg3 a4 59. Qa2 Qb8+ 60. Kg4 Qb3 61. Qd2 a3 62. Qd8+ Kh7 63. h4 Qa4+ 64. Kg5 a2
65. h5 Qb5+ 0-1

[Event "OLNN 1819 Hamburger SK III - SK Johanne"]
[Site "?"]
[Date "2018.11.11"]
[Round "2.8"]
[White "Malkiel, Daniel"]
[Black "Zobel, Andrej"]
[Result "1/2-1/2"]
[WhiteElo "2191"]
[BlackElo "2056"]
[PlyCount "56"]
[EventDate "2018.??.??"]

1. d4 d5 2. c4 dxc4 3. Nf3 Nf6 4. e3 e6 5. Bxc4 c5 6. Qe2 a6 7. dxc5 Bxc5 8.
O-O b5 9. Bd3 Nbd7 10. e4 Bb7 11. Nbd2 Qb8 12. Nb3 O-O 13. e5 Bxf3 14. gxf3 Nd5
15. f4 Rc8 16. Bd2 Bf8 17. Rac1 Nc5 18. Nxc5 Rxc5 19. Rxc5 Bxc5 20. Rc1 Qb6 21.
f5 exf5 22. Bxf5 Ne7 23. Bxh7+ Kxh7 24. Qe4+ Qg6+ 25. Qxg6+ Nxg6 26. Rxc5 Rd8
27. Be3 Nh4 28. Rc1 Nf3+ {(=)} 1/2-1/2

[Event "OLNN 1819 SC Königsspringer HH - SC Di"]
[Site "?"]
[Date "2018.11.11"]
[Round "2.1"]
[White "Hochgraefe, Markus"]
[Black "Pfreundt, Jakob"]
[Result "1/2-1/2"]
[WhiteElo "2414"]
[BlackElo "2371"]
[PlyCount "35"]
[EventDate "2018.??.??"]

1. Nf3 Nf6 2. c4 e6 3. g3 d5 4. Bg2 Be7 5. d4 O-O 6. O-O dxc4 7. Ne5 c5 8. dxc5
Qc7 9. Nxc4 Qxc5 10. b3 Rd8 11. Qc2 Nc6 12. Ba3 Nb4 13. Qc1 Qh5 14. Rd1 Bd7 15.
Bf3 Qh3 16. Bg2 Qh5 17. Bf3 Qh3 18. Bg2 1/2-1/2

[Event "OLNN 1819 SC Königsspringer HH - SC Di"]
[Site "?"]
[Date "2018.11.11"]
[Round "2.2"]
[White "Zimmermann, Julian"]
[Black "Schulenburg, Fabian"]
[Result "0-1"]
[WhiteElo "2347"]
[BlackElo "2243"]
[PlyCount "50"]
[EventDate "2018.??.??"]

1. e4 d5 2. exd5 Qxd5 3. Nf3 Bg4 4. Be2 Nc6 5. d4 O-O-O 6. c4 Qf5 7. Be3 Bxf3
8. Bxf3 Nxd4 9. Bg4 Nc2+ 10. Qxc2 Qxg4 11. O-O e6 12. Bxa7 b6 13. a4 Qf5 14.
Qxf5 exf5 15. a5 Kb7 16. axb6 cxb6 17. Nc3 Nf6 18. Ra2 Rd2 19. Bb8 Kxb8 20.
Rfa1 Kc8 21. Ra8+ Kd7 22. R1a7+ Ke6 23. g3 Rg8 24. Nb5 Bc5 25. Nc7+ Ke5 0-1

[Event "OLNN 1819 SC Königsspringer HH - SC Di"]
[Site "?"]
[Date "2018.11.11"]
[Round "2.3"]
[White "Schulenburg, Torben"]
[Black "Rosmann, Ilja"]
[Result "1/2-1/2"]
[WhiteElo "2150"]
[BlackElo "2292"]
[PlyCount "50"]
[EventDate "2018.??.??"]

1. d4 Nf6 2. c4 g6 3. Nc3 d5 4. Nf3 Bg7 5. Bg5 Ne4 6. Bh4 Nxc3 7. bxc3 c5 8.
cxd5 Qxd5 9. e3 Nc6 10. Be2 cxd4 11. cxd4 b6 12. O-O Bb7 13. Qb3 Qd7 14. Rac1
O-O 15. Rfd1 Rac8 16. Qa3 e6 17. Bg3 h6 18. Rc3 Na5 19. Rdc1 Rxc3 20. Rxc3 Rc8
21. Ne5 Rxc3 22. Qxc3 Qc8 23. Qxc8+ Bxc8 24. f3 Bb7 25. Kf2 Kf8 {(=)} 1/2-1/2

[Event "OLNN 1819 SC Königsspringer HH - SC Di"]
[Site "?"]
[Date "2018.11.11"]
[Round "2.4"]
[White "Borgmeyer, Max"]
[Black "Stephan, Axel"]
[Result "1-0"]
[WhiteElo "2201"]
[BlackElo "2224"]
[PlyCount "99"]
[EventDate "2018.??.??"]

1. e4 c5 2. Nf3 e6 3. d4 cxd4 4. Nxd4 Nf6 5. Nc3 d6 6. Bg5 h6 7. Be3 a6 8. f3
b5 9. Qd2 Bb7 10. a4 b4 11. Na2 e5 12. Nb3 d5 13. exd5 Nxd5 14. Bc5 Nd7 15.
Bxf8 Kxf8 16. O-O-O a5 17. Bb5 N7b6 18. Kb1 Qc7 19. Qf2 g6 20. Qc5+ Kg7 21.
Qxc7 Nxc7 22. Rd6 Nbd5 23. Nc5 Rab8 24. Re1 Nxb5 25. axb5 Ba8 26. Rxe5 Rxb5 27.
Rexd5 Bxd5 28. Rxd5 Rhb8 29. Nc1 Kg8 30. Re5 a4 31. N1d3 a3 32. b3 Rc8 33. Ka2
h5 34. h4 Kh7 35. g4 hxg4 36. fxg4 Kg8 37. Kb1 Kh7 38. Re4 Rcxc5 39. Nxc5 Rxc5
40. Rxb4 a2+ 41. Kxa2 Rxc2+ 42. Ka3 f5 43. Rf4 fxg4 44. Rxg4 Rc3 45. Rf4 Kh6
46. Ka4 Rh3 47. b4 Kh5 48. b5 Rxh4 49. Rxh4+ Kxh4 50. b6 1-0

[Event "OLNN 1819 SC Königsspringer HH - SC Di"]
[Site "?"]
[Date "2018.11.11"]
[Round "2.5"]
[White "Korba, Roman"]
[Black "Wolter, Michael"]
[Result "1-0"]
[WhiteElo "2131"]
[BlackElo "2170"]
[PlyCount "71"]
[EventDate "2018.??.??"]

1. d4 d5 2. Bf4 Nf6 3. e3 e6 4. Nf3 Bd6 5. Ne5 O-O 6. Nd2 c5 7. c3 b6 8. Bd3
Ba6 9. Bc2 Bb7 10. Qf3 cxd4 11. exd4 Be7 12. O-O-O Nc6 13. g4 Rc8 14. Kb1 b5
15. g5 Ne8 16. Rdg1 Nxe5 17. Bxe5 Bc6 18. Rg3 g6 19. h4 Bd6 20. h5 Bxe5 21.
dxe5 Ng7 22. Qf4 d4 23. Ne4 Bxe4 24. Qxe4 dxc3 25. hxg6 fxg6 26. Rxh7 Rf5 27.
Rgh3 Kf7 28. bxc3 Qc7 29. f4 Qb6 30. Qh1 Rg8 31. Bxf5 exf5 32. Qd5+ Qe6 33.
Qb7+ Qe7 34. e6+ Kf8 35. Qc8+ Qe8 36. Qd7 1-0

[Event "OLNN 1819 SC Königsspringer HH - SC Di"]
[Site "?"]
[Date "2018.11.11"]
[Round "2.6"]
[White "Harder, Clemens"]
[Black "Laqua, Christian"]
[Result "1/2-1/2"]
[WhiteElo "2176"]
[BlackElo "2127"]
[PlyCount "57"]
[EventDate "2018.??.??"]

1. d4 Nf6 2. c4 c5 3. d5 e5 4. Nc3 d6 5. e4 Nbd7 6. g3 g6 7. Bg2 Bg7 8. Nge2
O-O 9. O-O Ne8 10. f4 exf4 11. gxf4 f5 12. Ng3 Qh4 13. exf5 Bd4+ 14. Kh1 Ndf6
15. Qf3 Ng4 16. h3 gxf5 17. Nce2 Bg7 18. Rb1 Nc7 19. Bd2 Bd7 20. Be1 Qh6 21. b4
Na6 22. b5 Nc7 23. Kg1 Nf6 24. b6 Nce8 25. Bc3 Ne4 26. Bxg7 Nxg7 27. Qd3 Nxg3
28. Nxg3 a6 29. Rbe1 1/2-1/2

[Event "OLNN 1819 SC Königsspringer HH - SC Di"]
[Site "?"]
[Date "2018.11.11"]
[Round "2.7"]
[White "Apitzsch, Leon Fabian"]
[Black "Wagner, Friedrich"]
[Result "1-0"]
[WhiteElo "1917"]
[BlackElo "2148"]
[PlyCount "91"]
[EventDate "2018.??.??"]

1. e4 c6 2. Nc3 d5 3. Nf3 Bg4 4. h3 Bxf3 5. Qxf3 e6 6. d4 dxe4 7. Qxe4 Nf6 8.
Qd3 Be7 9. Be2 O-O 10. Be3 Na6 11. O-O Rc8 12. Rfd1 Qc7 13. Bf3 Nb4 14. Qe2
Nbd5 15. Nxd5 cxd5 16. c3 Nd7 17. Rac1 Rfe8 18. Qd3 a5 19. Qb5 Qc6 20. Qxc6
bxc6 21. c4 Nb6 22. b3 a4 23. c5 Nd7 24. b4 Bf6 25. b5 Ra8 26. bxc6 Nb8 27. Rb1
Nxc6 28. Rb6 Rec8 29. Be2 Bd8 30. Rb5 Kf8 31. Rdb1 Bf6 32. Rd1 h6 33. Kf1 Rcb8
34. Rb6 Rxb6 35. cxb6 Rb8 36. Bb5 Rxb6 37. Bxa4 Na5 38. Rc1 Rb4 39. Rc8+ Ke7
40. Re8+ Kd6 41. Bf4+ e5 42. dxe5+ Kc5 43. exf6 gxf6 44. Rc8+ Kb6 45. Bc7+ Kb7
46. Rb8+ 1-0

[Event "OLNN 1819 SC Königsspringer HH - SC Di"]
[Site "?"]
[Date "2018.11.11"]
[Round "2.8"]
[White "Lampe, Joerg"]
[Black "Schwank, Johann"]
[Result "1-0"]
[WhiteElo "2110"]
[BlackElo "1713"]
[PlyCount "65"]
[EventDate "2018.??.??"]

1. e4 e5 2. Nf3 Nf6 3. d4 Nxe4 4. Bd3 d5 5. Nxe5 Bd6 6. O-O O-O 7. c4 c6 8. Nc3
Nxc3 9. bxc3 Qc7 10. Qh5 g6 11. Qh4 Bxe5 12. dxe5 Qxe5 13. Be3 f6 14. Rfe1 Qh5
15. Qxh5 gxh5 16. Bh6 Rd8 17. Re7 Nd7 18. cxd5 cxd5 19. Rae1 Nf8 20. Rg7+ Kh8
21. Ree7 f5 22. Rgf7 Kg8 23. Bxf8 Be6 24. Rf6 Rd6 25. Rg7+ Kh8 26. Bxd6 Kxg7
27. Rxe6 Rd8 28. Bxf5 Kf7 29. Be5 d4 30. Bxd4 Rd5 31. Re5 Rd6 32. Bxh7 a6 33.
Rxh5 1-0

[Event "OLNN 1819 Schachfreunde HH- St.Pauli II"]
[Site "Hamburg"]
[Date "2018.11.11"]
[Round "2.1"]
[White "Trisic, Aleksander"]
[Black "Sawatzki, Frank"]
[Result "0-1"]
[WhiteElo "2297"]
[BlackElo "2388"]
[PlyCount "90"]
[EventDate "2018.11.11"]

1. d4 d5 2. Nf3 Nf6 3. c4 c6 4. e3 Bf5 5. Nc3 a6 6. Qb3 Ra7 7. Nh4 Bc8 8. f4 e6
9. Nf3 dxc4 10. Bxc4 b5 11. Be2 c5 12. O-O Nc6 13. Rd1 Bd7 14. Ne5 cxd4 15.
exd4 Na5 16. Qc2 Rc7 17. a3 Bd6 18. Rd3 O-O 19. Rh3 g6 20. Bd3 Qe7 21. Bd2 Rfc8
22. Re1 Qf8 23. Qd1 Nc4 24. Bxc4 bxc4 25. g4 Nd5 26. Qf3 Ne7 27. Ne4 Nd5 28.
Ng5 Nf6 29. Ngxf7 Bc6 30. Nxc6 Qxf7 31. Ne5 Bxe5 32. Rxe5 Rd7 33. Bc3 Rd5 34.
Re1 h5 35. g5 Ne8 36. Qe2 Ng7 37. Qe4 Rf8 38. Bd2 e5 39. Be3 exf4 40. Bxf4 Rf5
41. Bg3 Rf1+ 42. Kg2 Rxe1 43. Qxe1 Qd5+ 44. Kg1 Qxg5 45. Rh4 Nf5 0-1

[Event "OLNN 1819 Schachfreunde HH- St.Pauli II"]
[Site "Hamburg"]
[Date "2018.11.11"]
[Round "2.2"]
[White "Bokelbrink, Uwe"]
[Black "Priebe, Jan"]
[Result "1-0"]
[WhiteElo "2310"]
[BlackElo "2269"]
[PlyCount "167"]
[EventDate "2018.11.11"]

1. e4 c5 2. Nf3 Nc6 3. Bb5 g6 4. Bxc6 bxc6 5. O-O Bg7 6. Re1 Nh6 7. h3 O-O 8.
d3 d6 9. Na3 e5 10. c3 f5 11. Nc4 Qc7 12. b4 cxb4 13. cxb4 Nf7 14. Bb2 Bd7 15.
Qb3 Rac8 16. Rac1 Qb8 17. Na5 Qb6 18. Qa4 Bh6 19. Rc2 Qb5 20. Qa3 Rb8 21. Bc1
Bxc1 22. Rexc1 fxe4 23. dxe4 Qxb4 24. Qxb4 Rxb4 25. Nxc6 Rxe4 26. Ne7+ Kg7 27.
Rc7 Be6 28. Rxa7 Kf6 29. Rcc7 Rb8 30. a4 h6 31. Rc2 Rb1+ 32. Kh2 Ra1 33. a5
Rea4 34. Nd2 R1a2 35. Rxa2 Bxa2 36. f3 Ke6 37. Nxg6 d5 38. Nf8+ Kf6 39. Nd7+
Kg6 40. Nf1 d4 41. Nd2 Bd5 42. Ra6+ Kg7 43. Nf6 Ra2 44. Nde4 Bxe4 45. Nxe4 d3
46. Ra7 Kg6 47. Rd7 Rxa5 48. Rxd3 h5 49. h4 Ra6 50. Rd5 Kf5 51. Rd7 Kg6 52. Re7
Rb6 53. Kh3 Ra6 54. Re8 Rb6 55. Ng5 Nxg5+ 56. hxg5 Rb5 57. g3 Ra5 58. f4 exf4
59. gxf4 Ra1 60. Rf8 Rg1 61. Rf6+ Kg7 62. Kh4 Rh1+ 63. Kg3 Rg1+ 64. Kf2 Rb1 65.
Rh6 Rb3 66. Kg2 h4 67. Rxh4 Kg6 68. Rh3 Rb2+ 69. Kg3 Kf5 70. Rh1 Rb3+ 71. Kh4
Rf3 72. Kh5 Rxf4 73. Ra1 Rf2 74. Ra5+ Ke6 75. Kg6 Ke7 76. Ra7+ Kf8 77. Ra8+ Ke7
78. Kg7 Rf7+ 79. Kh6 Rf1 80. g6 Rh1+ 81. Kg7 Rf1 82. Ra2 Re1 83. Rh2 Re6 84.
Kh7 1-0

[Event "OLNN 1819 Schachfreunde HH- St.Pauli II"]
[Site "Hamburg"]
[Date "2018.11.11"]
[Round "2.3"]
[White "Perez de Miguel, Alvaro"]
[Black "Neffe, Axel"]
[Result "0-1"]
[WhiteElo "2292"]
[BlackElo "2227"]
[PlyCount "64"]
[EventDate "2018.11.11"]

1. d4 Nf6 2. c4 c5 3. d5 e6 4. Nc3 exd5 5. cxd5 d6 6. e4 g6 7. h3 Bg7 8. Nf3
O-O 9. Bd3 Nh5 10. O-O Nd7 11. Bg5 Bf6 12. Bh6 Re8 13. Be2 a6 14. a4 Rb8 15.
Qd2 b5 16. axb5 axb5 17. Nxb5 Rxe4 18. Bd3 Rb4 19. Nxd6 Ne5 20. Nxe5 Bxe5 21.
Nc4 Bd4 22. Rfe1 Bf5 23. Qe2 Bxd3 24. Qxd3 Qh4 25. Qe2 Nf6 26. Be3 Nxd5 27.
Bxd4 Qxd4 28. Rac1 Nf4 29. Qe5 Nd3 30. Qxd4 cxd4 31. Red1 Nxc1 32. Rxc1 Rc8 0-1

[Event "OLNN 1819 Schachfreunde HH- St.Pauli II"]
[Site "Hamburg"]
[Date "2018.11.11"]
[Round "2.4"]
[White "Hermesmann, Hans"]
[Black "Richter, Maik"]
[Result "1/2-1/2"]
[WhiteElo "2235"]
[BlackElo "2205"]
[PlyCount "54"]
[EventDate "2018.11.11"]

1. d4 Nf6 2. c4 g6 3. Nc3 Bg7 4. e4 d6 5. f3 O-O 6. Be3 c5 7. d5 e6 8. Nge2
exd5 9. cxd5 a6 10. a4 Nbd7 11. Ng3 h5 12. Be2 Nh7 13. O-O h4 14. Nh1 f5 15.
Qd2 Qf6 16. exf5 gxf5 17. f4 Qg6 18. Nf2 Ndf6 19. Bd3 Bd7 20. a5 Kh8 21. Kh1
Rae8 22. Rae1 Re7 23. Re2 Rfe8 24. Rfe1 Qf7 25. Bc4 Ng4 26. Nxg4 fxg4 27. Bf2
h3 1/2-1/2

[Event "OLNN 1819 Schachfreunde HH- St.Pauli II"]
[Site "Hamburg"]
[Date "2018.11.11"]
[Round "2.5"]
[White "Mitscherling, Andreas"]
[Black "Ritscher, Dr. Jan-Paul"]
[Result "1/2-1/2"]
[WhiteElo "2175"]
[BlackElo "2250"]
[PlyCount "30"]
[EventDate "2018.11.11"]

1. e4 Nf6 2. Nc3 d5 3. exd5 Nxd5 4. Bc4 Nb6 5. Bb3 Nc6 6. Nf3 Bf5 7. d4 e6 8.
O-O Be7 9. Re1 O-O 10. d5 exd5 11. Nxd5 Nxd5 12. Qxd5 Qxd5 13. Bxd5 Bf6 14. c3
Nd8 15. Be3 c6 {(=)} 1/2-1/2

[Event "OLNN 1819 Schachfreunde HH- St.Pauli II"]
[Site "Hamburg"]
[Date "2018.11.11"]
[Round "2.6"]
[White "Andersen, Jens"]
[Black "Schütze, Michael"]
[Result "1/2-1/2"]
[WhiteElo "2137"]
[BlackElo "2187"]
[PlyCount "63"]
[EventDate "2018.11.11"]

1. Nf3 f5 2. d3 d6 3. e4 e5 4. Nc3 c5 5. g3 Nf6 6. Nh4 fxe4 7. dxe4 Be6 8. Bg2
Be7 9. Nf5 O-O 10. O-O Nc6 11. Nxe7+ Nxe7 12. Nd5 Nfxd5 13. exd5 Bf5 14. c3 Qd7
15. Re1 Rf7 16. Be3 Raf8 17. b4 cxb4 18. cxb4 b6 19. a4 Bg4 20. Qd3 Bf3 21.
Bxf3 Rxf3 22. Qe4 Qf5 23. Qxf5 R3xf5 24. Red1 e4 25. Rd4 Nxd5 26. Rxe4 Re5 27.
Rxe5 dxe5 28. a5 Nxb4 29. axb6 axb6 30. Bxb6 Nd5 31. Bc5 Re8 32. Re1 {(=)}
1/2-1/2

[Event "OLNN 1819 Schachfreunde HH- St.Pauli II"]
[Site "Hamburg"]
[Date "2018.11.11"]
[Round "2.7"]
[White "Grote, Dirk"]
[Black "Kull, Florian"]
[Result "1/2-1/2"]
[WhiteElo "2094"]
[BlackElo "2189"]
[PlyCount "77"]
[EventDate "2018.11.11"]

1. d4 e6 2. c4 b6 3. a3 Bb7 4. Nc3 f5 5. d5 Be7 6. g3 Nf6 7. Bg2 O-O 8. Qc2 a5
9. Nh3 Na6 10. O-O Ne8 11. e4 Nc5 12. Be3 Nxe4 13. Nxe4 fxe4 14. Bxe4 Nf6 15.
Bg2 exd5 16. Nf4 Qc8 17. Nxd5 Nxd5 18. cxd5 Bd6 19. Be4 h6 20. Bd4 Qe8 21. Rfe1
Qh5 22. Rad1 Rae8 23. Bh7+ Kh8 24. Rxe8 Qxe8 25. Bg6 Qe7 26. Qd2 Be5 27. Re1 d6
28. Bxe5 dxe5 29. Be4 Rd8 30. Qc3 Bxd5 31. Bb1 e4 32. f3 Qc5+ 33. Qxc5 bxc5 34.
Bxe4 Bxe4 35. Rxe4 Rd2 36. Rc4 Rxb2 37. Rxc5 Rb3 38. Rxa5 Rxf3 39. Rc5 {(=)}
1/2-1/2

[Event "OLNN 1819 Schachfreunde HH- St.Pauli II"]
[Site "?"]
[Date "2018.11.11"]
[Round "2.8"]
[White "Klünger, Marc"]
[Black "Goepfert, Jakob"]
[Result "0-1"]
[WhiteElo "2203"]
[BlackElo "2136"]
[PlyCount "64"]
[EventDate "2018.??.??"]

1. Nf3 d5 2. c4 c6 3. b3 Nf6 4. g3 Bf5 5. Bg2 e6 6. O-O h6 7. Bb2 Be7 8. d3 O-O
9. Nbd2 Bh7 10. Rc1 a5 11. a3 Qb6 12. Rc2 c5 13. cxd5 exd5 14. Ne5 Rd8 15. e4
dxe4 16. dxe4 Nxe4 17. Qh5 Ng5 18. Be4 Bxe4 19. Nxe4 Qxb3 20. Nxg5 Bxg5 21. Qe2
Na6 22. Ba1 Qe6 23. Qb5 b6 24. Rb1 Nc7 25. Qf1 Bf6 26. Re2 Re8 27. Rbe1 Bxe5
28. Bxe5 Qc6 29. Qh3 Ne6 30. Qg4 Ng5 31. f4 Qf3 32. Qh4 Qxe2 0-1

[Event "OLNN 1819 SC Diogenes - Schachfreunde H"]
[Site "?"]
[Date "2018.11.25"]
[Round "3.1"]
[White "Sawatzki, Frank"]
[Black "Hochgraefe, Markus"]
[Result "1/2-1/2"]
[WhiteElo "2388"]
[BlackElo "2414"]
[PlyCount "34"]
[EventDate "2018.??.??"]

1. e4 e6 2. d4 d5 3. Nc3 Bb4 4. e5 c5 5. a3 Bxc3+ 6. bxc3 Ne7 7. Qg4 Kf8 8. Qd1
b6 9. a4 h6 10. Nf3 Kg8 11. h4 Ba6 12. Bb5 Bxb5 13. axb5 Qd7 14. Qe2 c4 15. Ba3
a6 16. bxa6 Rxa6 17. Kd2 Qa7 1/2-1/2

[Event "OLNN 1819 SC Diogenes - Schachfreunde H"]
[Site "?"]
[Date "2018.11.25"]
[Round "3.2"]
[White "Schulenburg, Fabian"]
[Black "Bokelbrink, Uwe"]
[Result "1-0"]
[WhiteElo "2243"]
[BlackElo "2310"]
[PlyCount "101"]
[EventDate "2018.??.??"]

1. e4 c5 2. Nf3 e6 3. d4 cxd4 4. Nxd4 Nf6 5. Nc3 Nc6 6. Ndb5 d6 7. Bf4 e5 8.
Bg5 a6 9. Na3 b5 10. Nd5 Be7 11. Bxf6 Bxf6 12. c3 O-O 13. Nc2 Bg5 14. a4 bxa4
15. Rxa4 a5 16. Bc4 Rb8 17. b3 Kh8 18. Nce3 Ne7 19. Nxe7 Qxe7 20. Nf5 Bxf5 21.
exf5 e4 22. O-O Qe5 23. Qd5 Qxd5 24. Bxd5 Bd2 25. Rxa5 Bxc3 26. Ra4 Bb4 27. Rd1
g6 28. Bxe4 Bc5 29. Bd5 Kg7 30. fxg6 fxg6 31. Ra2 Rb4 32. g3 Re8 33. Kf1 Kf6
34. Bc4 Rbb8 35. Rd3 Re5 36. Rf3+ Rf5 37. Rxf5+ Kxf5 38. Re2 Ra8 39. Kg2 Ra1
40. Re7 h5 41. Rf7+ Ke5 42. h4 Rd1 43. Rf3 Ke4 44. Rf4+ Ke5 45. Bf7 d5 46. Bxg6
d4 47. Bxh5 Rd2 48. Rf3 d3 49. Bg6 Kd4 50. h5 Kc3 51. h6 1-0